Sport : Les épreuves du décathlon - Statistiques

Statistiques générales
  • Ce quiz a été pris 544 fois
  • Le résultat moyen est 9 sur 10
Statistiques - réponses
Hint Réponse % Correct
1er jour 100 mètres
97%
1er jour Saut en hauteur
95%
1er jour Saut en longueur
93%
2ème jour Saut à la perche
91%
2ème jour Lancer du javelot
90%
1er jour Lancer du poids
90%
1er jour 400 mètres
83%
2ème jour Lancer du disque
80%
2ème jour 110 mètres haies
79%
2ème jour 1500 mètres
76%
Aucun quiz correspondant
Distribution des résultats
% des personnes avec chaque résultat
Percentile par nombre de réponses
Votre historique - résultats
Vous n’avez pas pris ce quiz